Sports Quiz

Random Sports Quiz
Score 0/20 Timer 10:00
0 Plays Today
Ranking Fighters % Correct
3.Anderson Silva
96.9%
5.Erick Silva
96.9%
4.Demetrious Johnson
95.4%
3.Chael Sonnen
93.8%
6.Georges St-Pierre
93.8%
6.Carlos Condit
90.8%
4.Joseph Benavidez
86.2%
7.Frankie Edgar
84.6%
7.Benson Henderson
81.5%
5.Jon Fitch
72.3%
Ranking Fighters % Correct
9.Chan Sung Jung
72.3%
10.Jim Miller
72.3%
10.Joe Lauzon
70.8%
9.Dustin Poirier
66.2%
8.Mark Hominick
41.5%
1.Louis Gaudinot
33.8%
1.John Lineker
33.8%
2.James Te Huna
29.2%
2.Joey Beltran
29.2%
8.Eddie Yagin
27.7%
Remove Ads.
Support Sporcle.
Get the best of Sporcle when you Go Orange. This ad-free experience offers more features, more stats, and more fun while also helping to support Sporcle. Thank you for becoming a member.

You're not logged in!

Compare scores with friends on all Sporcle quizzes.
OR
Log In

Show Comments

Extras

Top Quizzes Today


Score Distribution

Your Account Isn't Verified!

In order to create a playlist on Sporcle, you need to verify the email address you used during registration. Go to your Sporcle Settings to finish the process.

Report this User

Report this user for behavior that violates our Community Guidelines.

Details: